Hướng dẫn soạn thảo hợp đồng lao động và giải quyết tranh chấp lao động : Thủ tục hành chính dành cho mọi công dân ( căn cứ vào văn bản hiện hành mới nhất )

Sách được trình bày 2 phần: Hướng dẫn soạn thảo hợp đồng lao động; Tranh chấp lao động và giải quyết tranh chấp lao động.

Wedi'i Gadw mewn:
Manylion Llyfryddiaeth
Prif Awdur: Phan, Đình Khánh
Fformat: Llyfr
Iaith:Undetermined
Cyhoeddwyd: Thành phố Hồ Chí Minh Nhà xuất bản Thành phố Hồ Chí Minh 1997
Pynciau:
Tagiau: Ychwanegu Tag
Dim Tagiau, Byddwch y cyntaf i dagio'r cofnod hwn!
Thư viện lưu trữ: Trung tâm Học liệu Trường Đại học Cần Thơ
LEADER 01158nam a2200229Ia 4500
001 CTU_127406
008 210402s9999 xx 000 0 und d
082 |a 344.01 
082 |b Kh107 
100 |a Phan, Đình Khánh 
245 0 |a Hướng dẫn soạn thảo hợp đồng lao động và giải quyết tranh chấp lao động : 
245 0 |b Thủ tục hành chính dành cho mọi công dân ( căn cứ vào văn bản hiện hành mới nhất ) 
245 0 |c Phan Đình Khánh 
260 |a Thành phố Hồ Chí Minh 
260 |b Nhà xuất bản Thành phố Hồ Chí Minh 
260 |c 1997 
520 |a Sách được trình bày 2 phần: Hướng dẫn soạn thảo hợp đồng lao động; Tranh chấp lao động và giải quyết tranh chấp lao động. 
650 |a Contracts,Labor laws and legislation,Hợp đồng,Luật lao động 
650 |x Laws and legislation,Luật và pháp chế 
650 |z Vietnam,Việt Nam 
904 |i Giang, Qhieu 
980 |a Trung tâm Học liệu Trường Đại học Cần Thơ